| 000 | 00636nam a2200181 u 4500 | ||
|---|---|---|---|
| 001 | 000573969 | ||
| 003 | AM-YeHGA | ||
| 005 | 20250618073355.0 | ||
| 008 | 080327s1902 ||| r 000 0 arm d | ||
| 040 | _aAM-YeHGA | ||
| 041 | 1 | _aarm | |
| 245 | 0 | 0 |
_aՇարականք Հայ. Ս. եկեղեցւոյ / _cԱշխարհաբ. վերած.՝ Ե.Տ. Անդրէասեան. |
| 260 |
_aԿ. Պոլիս : _bտպ. Սարըեան, _c1902. |
||
| 300 | _aմաս. | ||
| 505 | 1 | 0 |
_gՄ. 1 (1902, 69 էջ) _gՄ. 2 (1904, 163 էջ) |
| 700 | 1 |
_aՏեր-Անդրեասյան, Երվանդ Գրիգորի, _d1840-1890 _eթարգմ. _4trl _95683 |
|
| 090 | _c230715 | ||
| 999 |
_c229165 _d229165 |
||